000 00625nam a22002177a 4500
003 OSt
005 20140310182836.0
008 130606t xxu||||| |||| 00| 0 eng d
020 _a9780071270014
050 _aQR 41.2
_b.C874 2009
082 _22nd ed.
_aM 579
_bC83 2009
245 _aMicrobiology :
_cCowan, Marjorie Kelly; Talaro, Kathleen Park
_ba systems approach /
250 _a2nd ed.
260 _aNew York :
_bMcGraw-Hill Companies, Inc.,
_cc2009.
300 _axxv, 869 p.
_bill. ;
_c26 cm.
521 _aCollege Students
526 _c1210L-1700L
541 _j1
562 _e1
942 _2lcc
_cBK
_kM
999 _c16745
_d16745